Return of the Obra Dinn characters - Statistics

General Stats
  • This quiz has been taken 8 times
  • The average score is 43 of 60
Answer Stats
Name Quality Origin % Correct
Hok-Seng Lau Passenger Formosa
100%
Huang Li Topman China
100%
John Davies Fourth Mate England
100%
Martin Perrott Third Mate England
100%
Miss Jane Bird Passenger England
100%
Nathan Peters Seaman England
100%
Robert Witterel Captain England
100%
Samuel Peters Seaman England
100%
William Hoscut First Mate Scotland
100%
Abigail Hoscut Witterel Passenger Scotland
86%
Abraham Akbar Seaman India
86%
Bun-Lan Lim Passenger Formosa
86%
Christian Wolff Gunner Austria
86%
Edward Nichols Second Mate England
86%
Edward Spratt Artist England
86%
Fillip Dahl Captain's Steward Sweden
86%
Henry Brennan Seaman England
86%
Henry Evans Surgeon England
86%
It-Beng Sia Passenger Formosa
86%
Lars Linde Seaman Denmark
86%
Nunzio Pasqua Passenger Italy
86%
Paul Moss First Mate's Steward Wales
86%
Soloman Syed Seaman India
86%
Aleksei Toporov Seaman Russia
71%
Alexander Booth Seaman England
71%
Charles Miner Bosun's Mate France
71%
Chioh Tan Passenger Formosa
71%
Emily Jackson Passenger England
71%
Finley Dalton Helmsman England
71%
Hamadou Diom Seaman Sierra Leone
71%
John Naples Seaman Wales
71%
Lewis Walker Topman England
71%
Maba Topman New Guinea
71%
Omid Gul Topman Persia
71%
Timothy Butement Topman Scotland
71%
William Wasim Seaman India
71%
Winston Smith Carpenter America
71%
Alfred Klestil Bosun Austria
57%
Charles Hershtik Midshipman England
57%
Davey James Fourth Mate's Steward England
57%
Duncan McKay Purser Scotland
57%
Emil O'Farrell Butcher Ireland
57%
George Shirley Seaman England
57%
Leonid Volkov Topman Russia
57%
Li Hong Topman China
57%
Marcus Gibbs Carpenter's Mate America
57%
Olus Wiater Gunner's Mate Poland
57%
Patrick O'Hagan Seaman Ireland
57%
Peter Milroy Midshipman England
57%
Renfred Rajub Seaman India
57%
Roderick Andersen Third Mate's Steward England
57%
Wei Lee Topman China
57%
Zungi Sathi Ship's Steward India
57%
Alarcus Nikishin Seaman Russia
43%
James Wallace Surgeon's Mate England
43%
Jie Zhang Topman China
43%
Samuel Galligan Second Mate's Steward Ireland
43%
Thomas Lanke Midshipman England
43%
Thomas Sefton Cook England
43%
Nicholas Botterill Topman Scotland
29%
No matching quizzes found
Score Distribution
Percent of People with Each Score
Percentile by Number Answered
Your Score History
You have not taken this quiz